00335 a2200109 4500020001500000082001800015100001700033245006700050260005400117300003000171650002400201 a8188237558 a624.15136 SAR aSaran, Swami aReinforced Soil and its Engineering Applications/cSwami Saran aNew Delhi :bI. K. International Pvt. Ltd.,c2006 ax, 379p. :bill. ;c25 cm aSoil -- Engineering